| Tag |
First Indicator |
Second Indicator |
Subfields |
| LEADER |
00000cas a2200000 a 4500 |
| 001 |
in00002784786 |
| 005 |
20150922151401.0 |
| 006 |
m f d |
| 007 |
cr ||||||||||| |
| 008 |
100519c20109999nz ar oo 0 a0eng c |
| 010 |
|
|
|a 2011243670
|
| 016 |
7 |
|
|a 2586660-6
|2 DE-600
|
| 016 |
7 |
|
|a 101551170
|2 DNLM
|
| 022 |
|
|
|a 1179-271X
|l 1179-271X
|
| 029 |
1 |
|
|a HEBIS
|b 229767524
|
| 029 |
1 |
|
|a NZ1
|b 13677310
|
| 029 |
1 |
|
|a AU@
|b 000048052245
|
| 029 |
1 |
|
|a AU@
|b 000047952439
|
| 035 |
|
|
|a (OCoLC)ocn620957725
|
| 035 |
|
|
|a (OCoLC)620957725
|
| 040 |
|
|
|a FQM
|b eng
|c FQM
|d HEBIS
|d OCLCQ
|d NZWTU
|d NTE
|d NLM
|d TXA
|d UtOrBLW
|
| 042 |
|
|
|a pcc
|
| 049 |
|
|
|a TXAM
|
| 050 |
|
4 |
|a R853.O87
|b P38 Electronic
|
| 060 |
1 |
0 |
|a W1
|
| 082 |
0 |
4 |
|a 362.105
|2 22
|
| 210 |
1 |
0 |
|a Patient Relat Outcome Meas
|2 dnlm
|
| 245 |
0 |
0 |
|a Patient related outcome measures.
|
| 246 |
1 |
|
|a PROM
|
| 264 |
|
1 |
|a Auckland, NZ :
|b Dove Medical Press.
|
| 310 |
|
|
|a Annual
|
| 336 |
|
|
|a text
|b txt
|2 rdacontent
|
| 337 |
|
|
|a computer
|b c
|2 rdamedia
|
| 338 |
|
|
|a online resource
|b cr
|2 rdacarrier
|
| 362 |
1 |
|
|a Began with: Vol. 1 (2010).
|
| 538 |
|
|
|a System requirements: Adobe acrobat reader.
|
| 588 |
|
|
|a Description based on: Vol. 1 (2010); title from journal home page (Publisher's Web site, viewed May 17, 2010).
|
| 588 |
|
|
|a Latest issue consulted: Vol. 1 (2010) (Viewed Sept. 22, 2011).
|
| 500 |
|
|
|a Electronic resource.
|
| 650 |
|
0 |
|a Outcome assessment (Medical care)
|v Periodicals.
|
| 650 |
|
0 |
|a Patients
|v Periodicals.
|
| 650 |
1 |
2 |
|a Health Services.
|
| 650 |
2 |
2 |
|a Outcome and Process Assessment (Health Care)
|
| 650 |
2 |
2 |
|a Patient Satisfaction.
|
| 650 |
2 |
2 |
|a Quality of Health Care.
|
| 948 |
|
|
|a cataloged
|b h
|c 2012/11/27
|d c
|e spoltoratski
|f 3:46:51 pm
|g sc
|
| 994 |
|
|
|a C0
|b TXA
|
| 999 |
|
|
|a MARS
|
| 999 |
f |
f |
|s f9d9e4c2-0cc9-3c2d-ad01-749fa85ecf19
|i 96eeb2e3-231f-3d26-9642-857645a62690
|t 0
|
| 952 |
f |
f |
|a Texas A&M University
|b College Station
|c Electronic Resources
|d Available Online
|t 0
|e R853.O87 P38
|g Electronic
|h Library of Congress classification
|
| 998 |
f |
f |
|a R853.O87 P38
|t 0
|l Available Online
|